[Event "Tilburg"]
[Site "Tilburg"]
[Date "1991.??.??"]
[Round "9"]
[White "Timman, Jan H"]
[Black "Anand, Viswanathan"]
[Result "1/2-1/2"]
[WhiteElo "2630"]
[BlackElo "2650"]
[Annotator "Hansen,Cu"]
[PlyCount "141"]
[EventDate "1991.10.??"]
[EventType "tourn"]
[EventRounds "14"]
[EventCountry "NED"]
[EventCategory "17"]
[SourceTitle "CBM 026"]
[Source "ChessBase"]
[SourceDate "1992.02.01"]
[SourceVersion "1"]
[SourceVersionDate "1992.02.01"]
[SourceQuality "1"]

1. e4 e5 2. Nf3 Nf6 3. Nxe5 d6 4. Nf3 Nxe4 5. d4 d5 6. Bd3 Bd6 7. O-O O-O 8. c4
c6 9. cxd5 cxd5 10. Nc3 Nxc3 11. bxc3 Bg4 12. Rb1 Nd7 13. h3 Bh5 14. Rb5 Nb6
15. c4 Bxf3 16. Qxf3 dxc4 17. Bc2 Qd7 18. a4 Bc7 19. Rc5 (19. g3 a6 20. Rh5 g6
21. Bh6 f5 $17 {Arakhamia-Akopian Oakham 1990}) 19... Bd6 20. Rb5 (20. Rg5 Be7
(20... g6 $5) 21. Bf5 (21. Rxg7+ $3 Kxg7 22. Bf5 Qxd4 23. Be3 Qe5 24. Qg4+ Kh8
25. Bd4 $18) 21... Qxd4 22. Rg4 Qe5 23. Bd2 $13 {Adams-Anand Oakham 1990})
20... Bc7 21. Rc5 Bd6 22. a5 $1 $16 {N} Nc8 (22... Bxc5 23. dxc5 Nc8 (23... Na4
24. c6 $16) (23... Nd5 24. Rd1 Rad8 25. Be4 $16) 24. a6 $16) 23. Bf5 Qd8 24. a6
Ne7 25. axb7 Rb8 26. Bg5 f6 27. Be6+ Kh8 28. Bf4 Bxf4 29. Qxf4 Rxb7 30. d5 Ng6
31. Qxc4 Qb8 32. Rc1 Rb1 33. Rc7 Rxc1+ 34. Qxc1 Rd8 35. Bf5 (35. d6 $1 Qb6 (
35... Nf8 36. Bf5 Rxd6 (36... g6 37. Qh6 $18) (36... Qb5 37. Rc8 $18) 37. Rc8
$18) 36. Rc6 (36. Qc6 Qxc6 37. Rxc6 Nf8 38. d7 {/\Lf5,Tc8} g6 $10) 36... Qd4
37. d7 Nf4 38. Qc4 $1 (38. Bg4 f5 $1) 38... Qa1+ (38... Qe5 39. Rc8 $18) 39.
Kh2 {/\Tc8/Dxf4} Qe5 40. g3 $18) 35... Qb6 36. Qc6 Qa5 37. Kh2 Nf8 38. Rc8 Rxc8
39. Bxc8 (39. Qxc8 Qb4 $8 40. Qc7 a5 $132) 39... Qb6 $1 $10 40. Bg4 Kg8 41. f4
Kf7 42. f5 g6 (42... Qxc6 43. dxc6 Ke7 44. Bd1 Kd6 45. Ba4 $18 {><Sf8}) 43. Be2
$2 gxf5 $17 44. Bh5+ Kg7 45. Be8 Qxc6 46. dxc6 Ne6 47. Kg3 Kf8 48. Bh5 Ke7 49.
Bd1 Kd6 50. Ba4 a5 51. Kf3 Kc7 $2 (51... Nc5 52. Bc2 (52. Bb5 a4 $19 53. Kf4
Ne6+ 54. Kxf5 Nd4+) 52... a4 $19 53. Bxf5 a3 54. Bb1 Na4 55. Ba2 Nc3 56. Bb3
Kxc6 57. Kf4 Kd6 58. Kf5 Ke7) 52. Ke3 Kd6 53. g3 h6 54. h4 Nc5 55. Bc2 a4 56.
Bxf5 Nb3 (56... a3 57. Bb1 Kxc6 58. Kf4 Kd6 59. Kf5 Ke7 60. Kg6 $10) 57. Bb1
Kxc6 58. Kf4 Nd4 59. Kg4 a3 60. Kh5 Ne2 {/\Sc3} 61. Ba2 Nc1 62. Bf7 Kc5 63.
Kxh6 Kb4 64. h5 Nb3 65. Kg7 a2 66. h6 a1=Q 67. h7 f5+ 68. Kg8 f4 69. h8=Q $10 (
69. gxf4 $10) 69... Qxh8+ 70. Kxh8 fxg3 71. Bd5 {C. Hansen} 1/2-1/2

[Event "Moscow Tal Memorial 10th"]
[Site "Moscow"]
[Date "2016.09.27"]
[Round "2"]
[White "Kramnik, Vladimir"]
[Black "Li, Chao B"]
[Result "1/2-1/2"]
[WhiteElo "2808"]
[BlackElo "2746"]
[Annotator "Havasi,G"]
[PlyCount "120"]
[EventDate "2016.09.26"]
[EventType "tourn"]
[EventRounds "9"]
[EventCountry "RUS"]
[EventCategory "21"]
[SourceTitle "CBM 175"]
[Source "ChessBase"]
[SourceDate "2016.11.10"]
[SourceVersion "1"]
[SourceVersionDate "2016.11.10"]
[SourceQuality "1"]

1. e4 e5 2. Nf3 Nf6 3. Nxe5 d6 4. Nf3 Nxe4 5. d4 d5 6. Bd3 Nc6 7. O-O Be7 8.
Nbd2 {A less often played move instead of c4.} Bf5 9. Re1 Nxd2 10. Qxd2 Bxd3
11. Qxd3 O-O 12. c3 (12. Bf4 Qd7 (12... a6 13. Qf5 Bf6 14. c3 Ne7 15. Qh5 c6
16. Be5 Ng6 17. Re3 Be7 18. Rae1 f6 19. Bg3 $14 {1-0 (62) Alekseev,E (2677)
-Bezgodov,A (2508) Tyumen 2012}) 13. Re3 Rae8 14. Rae1 Bf6 15. c3 Rxe3 16. Rxe3
h6 $11 {1/2 (32) Zhou,W (2585)-Bu,X (2681) Danzhou 2010}) 12... h6 (12... Qd7
13. Bf4 a6 14. Ne5 Nxe5 15. Bxe5 f6 16. Bg3 Rfe8 17. Re2 Bf8 18. Rae1 {1/2 (18)
Anand,V (2786)-Gelfand,B (2696) Monte Carlo 2005}) 13. Re2 (13. Bf4 Bd6 {
is also equal.}) 13... Bd6 14. Qf5 Ne7 15. Qh5 Ng6 16. Bd2 (16. Ne5 Qh4 $1 $11)
16... Bf4 (16... Qd7 {was also good with the idea of Rae8.}) 17. g3 Bxd2 18.
Nxd2 Qg5 (18... c6 19. Rae1 Qg5 {is the same.}) 19. Qxg5 hxg5 20. Rae1 f6 21.
Nf1 Rad8 (21... c6 22. Ne3 Rae8 $11) 22. Ne3 Rfe8 23. Nf5 Rxe2 24. Rxe2 Kf7 25.
Kg2 Rd7 26. Kf3 Nf8 $11 {Black has fully equalised. White has had a little bit
of an initiative so far, but now Black is good.} 27. h4 g6 28. Nh6+ Kg7 29. Ng4
gxh4 30. gxh4 Kf7 31. Nh6+ Kg7 32. Ng4 Kf7 33. Re1 Rd6 34. Ne3 Ne6 35. Rh1 Ng7
{Preventing h5. A very precise move.} 36. a4 a6 (36... Nh5 {was also possible.
There is no need to do anything on the queenside.}) 37. b4 Rd8 38. b5 a5 39.
Ng2 Nh5 40. Rb1 b6 {Preventing b6.} 41. Rc1 Ng7 42. Rh1 Nh5 43. Re1 Rd7 44. Kg4
Rd8 45. Kf3 Rd7 46. Ne3 Ng7 47. Ng4 Nf5 (47... Nh5 {was more precise.}) 48. Rh1
Rd8 {Black wants to attack the h4-pawn, but White has a good response.} (48...
Nd6 $11) 49. h5 $1 g5 50. Ke2 Rh8 51. Kd3 Nh4 {Not a bad move, but from a
practical point of view, it is unnecessarily risky.} (51... Ng7 52. h6 Ne6 $11)
52. f4 (52. c4 $1 {is the suggestion of the computer} dxc4+ (52... Ng2 53. cxd5
Nf4+ 54. Ke4 Re8+ 55. Kf3 Nxd5 56. Nh6+ $1 {A very good move. He aims to put
the knight on f5, which is a very good base for the knight.} Kf8 57. Nf5) 53.
Kxc4 Nf5 $1 {... Kd5 Ne7 would be the plan.} (53... Rxh5 54. Kd5 $16) 54. Ne3)
52... Ng2 53. fxg5 Nf4+ 54. Ke3 Rxh5 55. Rxh5 Nxh5 56. gxf6 Nxf6 57. Nf2 Ke6
58. Kf4 Ne8 59. Ng4 Nd6 60. Ne3 Ne4 {A very interesting game.} 1/2-1/2

[Event "Fraenkische GM 1st"]
[Site "Pulvermuehle"]
[Date "2000.01.18"]
[Round "6"]
[White "Blatny, Pavel"]
[Black "Stefanova, Antoaneta"]
[Result "0-1"]
[WhiteElo "2512"]
[BlackElo "2495"]
[Annotator "Hecht,H"]
[PlyCount "158"]
[EventDate "2000.01.12"]
[EventType "tourn"]
[EventRounds "9"]
[EventCountry "GER"]
[EventCategory "10"]
[SourceTitle "CBM 075"]
[Source "ChessBase"]
[SourceDate "2000.04.05"]
[SourceVersion "1"]
[SourceVersionDate "2000.04.05"]
[SourceQuality "1"]

1. e4 e5 2. Nf3 Nf6 3. Nxe5 d6 4. Nf3 Nxe4 5. d4 d5 6. Bd3 Nc6 7. O-O Be7 8.
Re1 Bg4 9. c3 f5 10. Nbd2 O-O 11. Qb3 Na5 12. Qa4 Nc6 13. Bb5 Nxd2 14. Nxd2 Rf6
15. Bd3 Bd6 16. Nf1 Rg6 17. Ng3 Ne7 18. Qc2 f4 19. Bxg6 Nxg6 20. f3 Bxf3 21.
Nf5 Qg5 22. Nxd6 cxd6 23. Kh1 Be4 24. Rxe4 dxe4 25. Qxe4 d5 26. Qe6+ Kh8 27.
Bd2 Rf8 28. Rf1 h6 29. a4 Qh5 30. Kg1 Rf6 31. Qc8+ Kh7 32. h3 Qe2 33. Rf2 Qd1+
34. Kh2 f3 35. g3 Rf7 36. Qg4 Re7 37. Bxh6 gxh6 38. Qxf3 Qxf3 39. Rxf3 {
[#] Technik. Der Springer auf der beständigen Suche nach den besten Feldern.}
Re2+ 40. Kg1 Kg7 41. Rf5 Ne7 42. Rf2 Re3 43. Kg2 Kg6 44. g4 Kg7 45. a5 Ng6 46.
Kh2 a6 47. Kg2 Nh4+ 48. Kh2 Nf3+ 49. Kg2 Ng5 50. h4 Ne4 51. Rf5 Re2+ 52. Kh3
Rxb2 53. Rxd5 Rb3 54. g5 hxg5 55. hxg5 Nxc3 56. Rd7+ Kg6 57. Kg4 Ne4 58. Kf4
Nxg5 59. Rd6+ Kh5 60. Rd5 Rf3+ ({Turmtausch erfordert sehr genaue Berechnung
und kann leicht ins Auge gehen, weil der Springer nicht der ideale Verteidiger
ist.} 60... Rb5 61. Rxb5 axb5 62. d5 (62. Ke3 Kg4 63. Kd2 Kf5 64. Kc3 Ne4+ 65.
Kb4 Nd6 66. Kc5 Ke6 $19) 62... b4 63. Ke3 b3 64. Kd2 Ne4+ 65. Kd3 Nc5+ 66. Kc3
Kg5 $19) 61. Ke5 Kg4 62. Kd6 Rc3 63. Ke7 Kf4 64. Rd7 Rb3 65. Kd8 Rb5 66. Kc8
Ne4 67. Kb8 Ke3 68. Ka7 (68. Rxb7 Rxa5 69. Rd7 Ra1 70. Kb7 a5 71. Kb6 a4 72.
Kb5 a3 73. Kb4 a2 74. Kb3 Nc3 $19) 68... Rxa5 69. Kxb7 Ra1 70. Kb6 a5 71. Kb5
Kd3 72. d5 a4 73. d6 Rb1+ 74. Kc6 Rc1+ 75. Kb5 a3 76. Ra7 Nxd6+ 77. Kb4 Rb1+
78. Kc5 Ne4+ 79. Kc6 Rb3 0-1

[Event "Olympiad-34"]
[Site "Istanbul"]
[Date "2000.11.01"]
[Round "5.1"]
[White "Topalov, Veselin"]
[Black "Dutreeuw, Marc"]
[Result "1-0"]
[WhiteElo "2707"]
[BlackElo "2402"]
[Annotator "Hecht,H"]
[PlyCount "103"]
[EventDate "2000.10.28"]
[EventType "team-swiss"]
[EventRounds "14"]
[EventCountry "TUR"]
[SourceTitle "EXT 2001"]
[Source "ChessBase"]
[SourceDate "2000.11.22"]
[SourceVersion "1"]
[SourceVersionDate "2000.11.22"]
[SourceQuality "1"]
[WhiteTeam "Bulgaria"]
[BlackTeam "Belgium"]
[WhiteTeamCountry "BUL"]
[BlackTeamCountry "BEL"]

1. e4 e5 2. Nf3 Nf6 3. Nxe5 d6 4. Nf3 Nxe4 5. d4 d5 6. Bd3 Nc6 7. O-O Be7 8. c4
Nb4 9. Be2 O-O 10. Nc3 b6 11. Ne5 Bb7 12. Re1 Re8 13. Bf3 f6 14. Nxd5 Nxd5 15.
Bxe4 fxe5 16. cxd5 Bxd5 17. Bxd5+ Qxd5 18. Rxe5 Qf7 19. Be3 Bd6 20. Rxe8+ Rxe8
21. Qa4 a5 22. b3 Re4 23. Qb5 Rh4 24. g3 Rh5 25. Qc6 h6 26. Qe4 Qd7 27. h4 Qf7
28. Kg2 Rf5 29. Re1 Kh8 30. Re2 Kg8 31. Bd2 Rd5 32. a4 Rf5 33. Bc1 Rd5 34. Re3
Rf5 35. Rf3 Rxf3 36. Qxf3 {[#] Thema: Der "gute" weiße Läufer. Spielidee:
Lavieren unter Verbesserung der Figurenpositionen} Qe6 37. Bd2 Qg6 38. h5 Qc2
39. Qd5+ Kf8 40. Be3 Qd3 41. Qe6 Qe2 42. Qf5+ Kg8 43. Qg6 Kh8 44. g4 Qd1 45.
Qe8+ Kh7 46. Qe6 Kh8 47. d5 Kh7 (47... Qd3 48. Qc8+ Kh7 49. Qf5+ Qxf5 50. gxf5
$18) 48. Qe4+ Kh8 49. Bd4 {[%csl Rg7][%cal Re4e8,Re8g6]} Bf8 50. Be5 Bd6 51.
Bb2 Bf8 (51... Kg8 52. Qe6+ Kf8 53. Qc8+ Ke7 54. Qf5 Qxb3 55. Bxg7 $18) 52. Qf3
$1 {Nach dem Damentausch ist das Läuferendspiel kinderleicht gewonnen.} 1-0

[Event "RUS-Cup03 Geller Memorial"]
[Site "Moscow"]
[Date "1999.02.14"]
[Round "5"]
[White "Isanbaev, Ramil"]
[Black "Skatchkov, Pavel"]
[Result "0-1"]
[WhiteElo "2344"]
[BlackElo "2420"]
[Annotator "Hecht,H"]
[PlyCount "160"]
[EventDate "1999.02.10"]
[EventType "swiss"]
[EventRounds "9"]
[EventCountry "RUS"]
[SourceTitle "CBM 070"]
[Source "ChessBase"]
[SourceDate "1999.06.08"]
[SourceVersion "1"]
[SourceVersionDate "1999.06.08"]
[SourceQuality "1"]

1. e4 e5 2. Nf3 Nf6 3. Nxe5 d6 4. Nf3 Nxe4 5. d4 d5 6. Bd3 Bd6 7. O-O O-O 8. c4
c6 9. Nc3 Nxc3 10. bxc3 Bg4 11. h3 Bh5 12. cxd5 cxd5 13. g4 Bg6 14. Bxg6 fxg6
15. Qb3 Rxf3 16. Qxb7 Na6 17. Qxa6 Rxh3 18. Qc6 Rc8 19. Bg5 Rxc6 20. Bxd8 Rhxc3
21. Bg5 Bc7 22. Be3 Bb6 23. Rab1 Ra3 24. Rb5 Rd6 25. Rb2 Rc3 26. Kg2 Rc4 27.
Rd1 g5 28. Rd3 h6 29. Rb5 Kh7 30. a3 Rd7 31. Kg3 Kg6 32. Kg2 Kf6 33. Rb1 Rdc7
34. f4 Rc2+ 35. Kf3 gxf4 36. Bxf4 R7c3 37. Be5+ Kg6 38. Rb3 Rxd3+ 39. Rxd3 Rc4
40. Kf4 a5 41. Ke3 a4 42. Kf4 Bd8 43. Bd6 Bf6 44. Bc5 Rc1 45. Rf3 Re1 46. Kg3
Re4 47. Rf5 Bxd4 48. Bd6 Bb2 49. Rxd5 Bxa3 50. Bxa3 Re3+ 51. Kh4 Rxa3 52. g5
hxg5+ 53. Rxg5+ {[#] T - T+2 Einzelbauern a+g} Kh6 (53... Kf6 54. Ra5 (54. Rg4
g5+ 55. Rxg5 Rh3+ 56. Kg4 Rg3+ 57. Kxg3 Kxg5 58. Kf3 a3 $19) 54... Ke6 55. Kg4
Kd6 56. Kf4 Kc6 57. Ke4 Kb6 58. Ra8 Rh3 $19) 54. Ra5 Ra1 55. Kg3 g6 56. Kg4 Kg7
57. Ra6 Kf7 58. Kg3 Ra2 59. Kf3 Ra1 60. Ke3 Kg7 61. Kf3 Kh6 62. Ra5 a3 63. Kg3
g5 (63... a2 $2 64. Kg2 $11) 64. Kg2 Kh5 65. Kg3 Kg6 66. Kg2 Ra2+ 67. Kg3 Ra1
68. Kg2 Kf6 69. Kh2 Kg6 70. Kg2 Ra2+ 71. Kg3 Kf6 72. Kh3 Ra1 73. Kg2 g4 {[#]}
74. Kh2 $2 {Verschenkte Zeit! Weiß muß so spielen, daß er bei der erstbesten
Gelegenheit den Bg4 nehmen kann, um dann a) dieVerteidigung durch
Seitenangriff auf den a-Bauern zu haben oder b) Rückkehr des Turms hinter den
Bauern und rechtzeitiger Annäherung des eigenen Königs, falls Schwarz seinen
a-Bauern von der Seite deckt.} (74. Ra4 $1 Ke5 (74... Kg5 75. Kg3 Kf5 76. Kg2)
75. Rxg4 Rb1 (75... Kd5 76. Rg3 Kc4 77. Kh2 Kb4 78. Rg4+ $11 {
Remisverteidigung durch Seitenschachs, da Schwarz kein Versteck für den König
findet.}) 76. Ra4 Rb3 (76... Rb2+ 77. Kf3 a2 78. Ke3 Kd5 79. Kd3 Kc5 80. Kc3
$11) 77. Kf2 Kd5 78. Ke2 Kc5 79. Kd2 Kb5 80. Ra8 $11) 74... Ke6 75. Kg3 (75.
Ra4 Kd5 76. Rxg4 Rb1 77. Ra4 Rb3 78. Kg2 Kc5 79. Kf2 Kb5 80. Ra8 Kb4 81. Ke2
Kc3 82. Kd1 Kb2 $19 {[%cal Ra3a2]}) 75... Kd6 76. Kh2 Kc6 77. Rg5 Rb1 78. Ra5
Rb3 79. Rg5 g3+ 80. Kh3 Rc3 0-1

[Event "FRA-ch"]
[Site "Narbonne"]
[Date "1997.08.22"]
[Round "7"]
[White "Santo Roman, Marc"]
[Black "Marciano, David"]
[Result "0-1"]
[WhiteElo "2385"]
[BlackElo "2470"]
[Annotator "Hecht,H"]
[PlyCount "114"]
[EventDate "1997.08.15"]
[EventType "tourn"]
[EventRounds "15"]
[EventCountry "FRA"]
[EventCategory "9"]
[SourceTitle "CBM 061"]
[Source "ChessBase"]
[SourceDate "1997.11.23"]
[SourceVersion "1"]
[SourceVersionDate "1997.11.23"]
[SourceQuality "1"]

1. e4 e5 2. Nf3 Nf6 3. Nxe5 d6 4. Nf3 Nxe4 5. c4 Nc6 6. Be2 Be7 7. O-O O-O 8.
d4 Bf6 9. Nc3 Nxc3 10. bxc3 Bf5 (10... Re8 11. Be3 Ne7 12. Qd2 Bg4 13. h3 Bxf3
14. Bxf3 c6 15. Rab1 Rb8 16. Qc2 Ng6 17. Qa4 a6 18. Qb4 Bg5 19. Bxg5 Qxg5 20.
Qxd6 Qd2 21. Qb4 Qg5 22. Qd6 Qd2 23. Qa3 Nh4 24. Bd1 Re1 25. Qc1 Rxf1+ 26. Kxf1
Qd3+ 27. Kg1 Qe4 28. f3 Qg6 29. Rb2 Qg3 30. Qe3 Ng6 31. Re2 Rf8 32. Qf2 Qc7 33.
Bc2 Nf4 34. Re4 g6 35. Qh4 Ne6 36. c5 Qa5 37. Bb3 Qxc3 38. Qf6 Re8 39. Kh2 a5
40. Rf4 {1-0 Kupreichik,V-Schussler,H/Malmo 1987/TD 87\06}) (10... Na5 11. Be3
c6 12. Nd2 d5 13. Bd3 Re8 14. c5 b6 15. cxb6 axb6 16. Qc2 h6 17. Rab1 Ba6 18.
Bxa6 Rxa6 19. a4 Re7 20. Rfe1 Nb7 21. Bf4 Rxe1+ 22. Rxe1 c5 23. Qf5 g6 24. Qc2
Bg7 25. h3 Qd7 26. Rb1 cxd4 27. cxd4 Rxa4 28. Rxb6 Ra1+ 29. Kh2 Bxd4 30. Rc6
Ra8 31. Rc7 Qb5 32. Rc8+ Rxc8 33. Qxc8+ Kg7 34. Nf3 Bf6 35. Ne5 d4 36. Qc7 Qd5
37. Ng4 g5 38. Bg3 Nc5 39. Qb6 Ne6 40. Qb2 Qf5 41. Qb8 Bd8 42. Qb2 Kh7 43. Ne5
h5 44. Nf3 Bf6 45. Qb7 Kg7 46. Qd7 Qe4 47. Qa4 Qd5 48. Qd1 Nc5 49. Nd2 h4 50.
Bc7 Na6 51. Bb6 Qd6+ {0-1 Kauschmann,H-Forintos,G/RLNS 1991/BIG 90}) 11. Be3
Re8 12. Re1 Bg6 13. Nd2 Qd7 14. Bg4 Bf5 15. h3 g6 16. Qf3 h5 17. Bxf5 Qxf5 18.
Qxf5 gxf5 19. Bf4 Ne7 20. Nf3 Ng6 21. Bg5 Bg7 22. Rxe8+ Rxe8 23. Kf1 f4 24. Re1
Rxe1+ 25. Kxe1 f6 26. Bh4 Kf7 27. Ke2 c6 28. Kd3 Ke6 29. g3 d5 30. cxd5+ cxd5
31. Ne1 b5 32. Ng2 Bh6 33. gxf4 Nxf4+ 34. Nxf4+ Bxf4 {[%csl Rc3,Rf2,Rh3][%cal
Yf4c7,Yc7a5,Ye6f5,Yf5f4,Yf4f3,Yf3g2] [#] A poor White bishop glued to the edge
of the board. Black's winning plan: an attack on the pawn at c3 by the Black
bishop and decisive infiltration of the Black king via f5-f4-f3. [#]
Schlechter, am Rand eingeklemmter weißer Laüfer. Schwarzer Gewinnplan: Angriff
des schwarzen Läufers gegen Bc3 und anschließender Einmarsch des schwarzen
Königs über f5-f4-f3.} 35. Bg3 Kf5 36. Bh4 (36. Bxf4 Kxf4 37. Ke2 h4 $19 {
a hopeless pawn ending for White due to Black's many tempo moves.
hoffnungsloses Bauernendspiel für Weiß wegegn der vielen schwarzen Tempozüge.}
38. Ke1 Kf3 39. Kf1 f5 40. a3 f4 41. Ke1 Kg2 42. Ke2 f3+ 43. Ke3 a6) 36... a6
37. Ke2 Bh2 38. Kf3 Bc7 39. Ke3 Ba5 40. Kd3 Kf4 41. Ke2 (41. Bxf6 Kf3 42. Bh4 (
42. h4 Kxf2 43. Bg5 Kf3 44. Be7 Kg4 45. Bf6 Bc7 $19 {[%cal Rc7g3,Rg3h4]}) 42...
Kg2 43. f4 Kxh3 44. Be7 Kg4 $19 {[%csl Rc3,Rf4][%cal Rh5h4,Rh4h3,Rh3h2]}) 41...
Bxc3 42. Bxf6 a5 43. Be5+ Kf5 44. Kd3 Be1 45. Ke2 Bb4 46. Kd3 a4 47. f3 Be1 48.
Bd6 b4 49. Ke2 b3 50. axb3 axb3 51. Kd3 Kg5 52. Be5 Kh4 53. f4 Kxh3 54. f5 Bb4
55. Bg7 h4 56. f6 Kg2 57. f7 h3 0-1

[Event "Olympiad-31"]
[Site "Moscow"]
[Date "1994.12.15"]
[Round "14.1"]
[White "Kortschnoj, Viktor Lvovich"]
[Black "Rogers, Ian"]
[Result "1/2-1/2"]
[WhiteElo "2615"]
[BlackElo "2560"]
[Annotator "Hecht,H"]
[PlyCount "104"]
[EventDate "1994.12.01"]
[EventType "team-swiss"]
[EventRounds "14"]
[EventCountry "RUS"]
[SourceTitle "CBM 045"]
[Source "ChessBase"]
[SourceDate "1995.04.01"]
[SourceVersion "1"]
[SourceVersionDate "1995.04.01"]
[SourceQuality "1"]
[WhiteTeam "Switzerland"]
[BlackTeam "Australia"]
[WhiteTeamCountry "SUI"]
[BlackTeamCountry "AUS"]

1. d4 d5 2. c4 dxc4 3. e3 e5 4. Bxc4 exd4 5. exd4 Nf6 6. Nc3 Be7 7. Nf3 O-O 8.
O-O c6 9. Re1 Bg4 10. h3 Bxf3 11. Qxf3 Nbd7 12. Bf4 Nb6 13. Bb3 Re8 14. Be5
Nbd5 15. Re2 Qd7 16. Rae1 Rad8 17. Bc2 g6 18. Bb3 b5 19. Bxf6 Nxf6 20. Re5 Kg7
21. d5 cxd5 22. Nxd5 Nxd5 23. Qxd5 Qxd5 24. Bxd5 Rf8 25. Rxe7 Rxd5 26. Rxa7 Rd2
27. Ree7 Rxb2 28. g3 Rc2 29. Reb7 Rc5 30. a3 h5 31. Kg2 Rf5 32. Ra5 Rc8 33.
Raxb5 Rxb5 34. Rxb5 {An classical endgame with the defending R before (?) and
not behind (!) the passed a-pawn. Black has to find counterplay on the
kingside creating a weak white pawn.} Ra8 35. Rb3 g5 36. Kf3 Ra4 37. Ke2 f5 38.
Kd2 h4 39. Kc2 hxg3 40. Rxg3 {Now the Pf2 is weak.} (40. fxg3 Kg6 (40... g4 41.
hxg4 Rxg4 42. Rf3 Kf6 43. Kb3 Kg5 44. a4 Re4 45. a5 Kg4 46. Rf4+ $18) (40... f4
41. Kb2 Kf6 $10 42. gxf4) 41. Rb6+ Kh5 42. Kb3 Re4 43. Rc6 f4 (43... Re3+ 44.
Rc3 f4 45. gxf4 Rxc3+ 46. Kxc3 gxf4 47. Kd3 Kh4 48. Ke2 Kg3 49. Kf1 $18) 44.
Rc3 Re8 45. a4 Rb8+ 46. Ka3 Rf8 47. gxf4 gxf4 48. Rf3 Kg5 49. a5 Kf5 50. Ka4
Ke4 $10) 40... Kh6 41. Rf3 g4 42. hxg4 fxg4 43. Re3 Kg5 44. Kb3 Rf4 45. Re2
Rf3+ 46. Kb4 Rf4+ 47. Kb5 Rf5+ 48. Kc6 Kf4 49. a4 Kf3 50. Rd2 Kg2 51. Rd4 Kh3
52. Rd3+ Rf3 (52... Rf3 53. Rxf3+ gxf3 54. a5 Kg2 55. a6 Kxf2 56. a7 Kg1 57.
a8=Q f2 $10) 1/2-1/2

[Event "Elbow Beach Club GM-B"]
[Site "Paget Parish"]
[Date "2001.01.29"]
[Round "10"]
[White "Kalod, Radek"]
[Black "Becerra Rivero, Julio"]
[Result "0-1"]
[WhiteElo "2490"]
[BlackElo "2538"]
[Annotator "Hecht,H"]
[PlyCount "120"]
[EventDate "2001.01.19"]
[EventType "tourn"]
[EventRounds "11"]
[EventCountry "BER"]
[EventCategory "9"]
[SourceTitle "CBM 081"]
[Source "ChessBase"]
[SourceDate "2001.03.20"]
[SourceVersion "1"]
[SourceVersionDate "2001.03.20"]
[SourceQuality "1"]

1. e4 e5 2. Nf3 Nf6 3. Nxe5 d6 4. Nf3 Nxe4 5. c4 Be7 6. Nc3 Nxc3 7. dxc3 Nc6 8.
Be2 O-O 9. O-O Be6 10. Bf4 Qd7 11. Qd2 Rad8 12. Rad1 Rfe8 13. Rfe1 Qc8 14. Qc1
Bf5 15. h3 Bf6 16. Bf1 h6 17. g4 Bg6 18. Bg3 Rxe1 19. Rxe1 Re8 20. Qd1 Rxe1 21.
Qxe1 Qe6 22. Qxe6 fxe6 23. c5 e5 24. cxd6 cxd6 25. Bc4+ Bf7 26. Bxf7+ Kxf7 27.
Kf1 Ke6 28. Ke2 d5 29. Nd2 Bg5 30. f3 g6 31. Bf2 Bf4 32. Nb3 b6 33. a4 h5 34.
Be1 Kd6 35. Bf2 Nd8 36. Kf1 Ne6 37. Kg2 Kc6 38. Kf1 Kd6 39. Kg2 Kc6 40. Kf1 a6
41. Ke2 Ng5 42. h4 Ne6 43. Nd2 Nc5 44. Bxc5 bxc5 {[#] Entfernter Mehrfreibauer}
45. c4 Bg3 46. gxh5 gxh5 47. Ke3 Bxh4 48. cxd5+ Kxd5 49. Ne4 (49. Kd3 Bg5 50.
Ne4 c4+ 51. Ke2 Bc1 52. Nf6+ Kc5 53. Nxh5 Kb4 54. Kd1 Bxb2 55. Kc2 Bd4 56. f4
exf4 57. Nxf4 Kxa4 $19 {Schwarz besitzt den "richtigen" Läufer bezogen auf das
Eckfeld a1}) 49... Kc4 50. b3+ Kb4 51. Kd3 Be7 52. Kc2 h4 53. Nf2 c4 54. bxc4
Kxc4 55. Kd2 Bg5+ 56. Ke2 a5 57. Ne4 Bf4 58. Nd6+ Kb4 59. Nb7 Kxa4 60. Kf1 h3
0-1

[Event "Olympiad-34"]
[Site "Istanbul"]
[Date "2000.11.12"]
[Round "14.4"]
[White "Barua, Dibyendu"]
[Black "Perez Garcia, Rodney Oscar"]
[Result "0-1"]
[WhiteElo "2502"]
[BlackElo "2478"]
[Annotator "Hecht,H"]
[PlyCount "112"]
[EventDate "2000.10.28"]
[EventType "team-swiss"]
[EventRounds "14"]
[EventCountry "TUR"]
[SourceTitle "EXT 2001"]
[Source "ChessBase"]
[SourceDate "2000.11.22"]
[SourceVersion "1"]
[SourceVersionDate "2000.11.22"]
[SourceQuality "1"]
[WhiteTeam "India"]
[BlackTeam "Cuba"]
[WhiteTeamCountry "IND"]
[BlackTeamCountry "CUB"]

1. e4 e5 2. Nf3 Nf6 3. Nxe5 d6 4. Nf3 Nxe4 5. d4 d5 6. Bd3 Be7 7. O-O Bf5 8. c4
dxc4 9. Bxc4 O-O 10. Nc3 Nc6 11. Re1 Nd6 12. Bb3 Bg4 13. d5 Na5 14. Bc2 Nac4
15. b3 Nb6 16. h3 Bf5 17. Nd4 Bxc2 18. Qxc2 Bf6 19. Be3 Re8 20. a4 a6 21. Rac1
Rc8 22. Red1 Bg5 23. Bxg5 Qxg5 24. Nf3 Qh5 25. a5 Nd7 26. Na4 Re7 27. b4 h6 28.
Qd3 Nf6 29. Nc3 Rd8 30. Re1 Rde8 31. Rxe7 Rxe7 32. Qd4 Qf5 33. Re1 Rxe1+ 34.
Nxe1 Nde4 35. Nd3 Nxc3 36. Qxc3 Qxd5 37. Nc5 Nd7 38. Nxd7 Qxd7 {[#]
Technischer Gewinn durch Freibauernbildung und -Verwertung unter
Königssicherung.} 39. g3 b6 40. axb6 cxb6 41. h4 Qf5 42. Qd4 a5 43. bxa5 bxa5
44. g4 Qf6 45. Qc5 Qf4 (45... Qxh4 $2 46. Qc8+ Kh7 47. Qf5+ $11) 46. Qc8+ Kh7
47. h5 Qe4 $1 {Sichern des eigenen Königs.} 48. Kh2 a4 49. Kg3 a3 50. Qa6 Qe5+
51. Kh3 Qc3+ 52. Kg2 Qb3 53. Qa8 Qe6 {Die anfälligen weißen Bauern werden
stets in die schwarzen Überlegungen mit einbezogen. Der Tausch des a-Bauern
gegen die Bauern g+h ergibt einen anderen technischen Gewinn, der zwar Zeit
braucht aber nicht sonderlich schwer zu erreichen ist.} 54. Kh3 a2 55. Qa5 Qb3+
56. Kg2 Qb1 0-1

[Event "Jakarta zt"]
[Site "Jakarta"]
[Date "1993.??.??"]
[Round "7"]
[White "Adianto, Utut"]
[Black "Gunawan, Ronny"]
[Result "1-0"]
[WhiteElo "2490"]
[BlackElo "2420"]
[Annotator "Horvath,Ta"]
[PlyCount "49"]
[EventDate "1993.01.??"]
[EventType "swiss"]
[EventRounds "11"]
[EventCountry "INA"]
[SourceTitle "CBM 035"]
[Source "ChessBase"]
[SourceDate "1993.08.01"]
[SourceVersion "1"]
[SourceVersionDate "1993.08.01"]
[SourceQuality "1"]

1. e4 e5 2. Nf3 Nf6 3. Nxe5 d6 4. Nf3 Nxe4 5. d4 d5 6. Bd3 Bd6 (6... Nc6 7. O-O
Be7 8. c4 {Kamsky-Yusupov/CBM33/}) 7. O-O O-O 8. Re1 Re8 (8... Bf5 9. c4 c6 10.
Qc2 Na6 11. a3 Bg6 12. c5 Bc7 13. Nc3 f5 14. b4 Bh5 15. Ne5 $14 {Lanka-Lauk/
Vilnius/zt/1993}) 9. c4 c6 10. Nc3 Nxc3 11. Rxe8+ Qxe8 12. bxc3 Nd7 13. Qc2 g6
$2 (13... Nf8 14. Bg5 Bg4 15. Re1 Qd7 16. Ne5 Bxe5 17. dxe5 dxc4 18. Bxc4 h6
19. Bh4 $14) 14. c5 Bc7 15. Bg5 f6 16. Re1 Qf7 17. Bh6 b6 $2 (17... Nf8 {
/\Bd7 ;Re8}) 18. h4 $1 bxc5 19. h5 Nf8 20. Bxf8 Qxf8 21. Bxg6 $1 Bd7 22. Bxh7+
Kh8 23. Nh4 Qd6 24. g3 cxd4 25. Ng6+ $1 (25. Ng6+ $1 Kxh7 26. Nf8+ Kg8 27. Qh7+
Kxf8 28. h6 $18) 1-0